00759nam a2200217Ia 4500003000900000008004100009020001800050040001600068080001800084100002600102245008300128260003300211300001500244490005500259650004100314650001900355650002200374942000700396999001500403952012300418IN-BaIIA211028s9999 xx 000 0 eng d a0-08-023053-9 cIIA Library a524.3-52bRED aReddish, V. C.916668 0aStellar formationcV. C. Reddish  aOxfordbPergamon Pressc1978 axii, 287p. aInternational series in natural philosophy;vol. 97 aAstronomy and astrophysics thesaurus aStar formation aStellar evolution cBK c9837d9837 00104070aBANbBANcGENd0000-00-00g384.30l0o524.3-52/ REDp10747r2021-11-05v384.30w0000-00-00yBKGRs. 384.30